El aprendizaje de la lectoescritura desde una perspectiva constructivista

Guardado en:
Detalles Bibliográficos
Autor principal: Díez de Ulzurrun Pausas, Ascen (Autor)
Formato: Libro
Lenguaje:español
Publicado: Barcelona Graó 2001
Edición:3a. ed
Colección:Serie Lengua, 142-143
Materias:
Etiquetas: Agregar Etiqueta
Sin Etiquetas, Sea el primero en etiquetar este registro!

MARC

LEADER 00000nam a2200000 a 4500
001 UCL7648
003 CL-VaPUC
008 040528e20010000SP |||||||||||||||||spa|d
020 |a 8478272194v.1 
020 |a 8478272208v.2 
082 0 4 |a 372.4  |b DIE  |2 21 
100 0 |a Díez de Ulzurrun Pausas, Ascen  |e author  |9 485476 
245 1 3 |a El aprendizaje de la lectoescritura desde una perspectiva constructivista 
250 |a 3a. ed 
300 |a v 
942 |c BK 
945 |d 20040528 00:00:00  |a cmena 
260 |a Barcelona  |b Graó  |c 2001 
500 |a v.1: Actividades para realizar en el aula: textos funcionales y cuentos 
500 |a v.2: Actividades para realizar en el aula: lenguaje publicitario, periodístico, del cómic, popular, poético y de la correspondencia 
650 0 |a Enseñanza de la escritura  |9 307377 
650 0 |a Educación lingüística  |9 306506 
650 0 |a Métodos de enseñanza  |9 270413 
583 |a last modification  |c 20040528 00:00:00  |k Rodrigo Vera 
490 0 |a Serie Lengua, 142-143 
999 |c 309278  |d 309276 
952 |0 0  |1 0  |4 0  |6 372_400000000000000_DIE_2001  |7 0  |8 A  |9 376673  |a BIBEDU  |b BIBEDU  |c ES_NOD  |d 2019-11-21  |h v.1  |i 4020227  |o 372.4 DIE 2001  |p 4020227  |r 2023-08-09  |w 2019-11-21  |y BK  |k EPE 
952 |0 0  |1 0  |4 0  |6 372_400000000000000_DIE_2001  |7 0  |8 A  |9 376674  |a BIBEDU  |b BIBEDU  |c ES_NOD  |d 2019-11-21  |h v.2  |i 4020235  |o 372.4 DIE 2001  |p 4020235  |r 2023-08-09  |w 2019-11-21  |y BK  |k EPE 
952 |0 0  |1 0  |4 0  |6 372_400000000000000_DIE_2001  |7 0  |8 A  |9 376675  |a BIBEDU  |b BIBEDU  |c ES_NOD  |d 2019-11-21  |h v.1  |i 4343581  |o 372.4 DIE 2001  |p 4343581  |r 2023-08-09  |w 2019-11-21  |y BK  |k LIT 
952 |0 0  |1 0  |4 0  |6 372_400000000000000_DIE_2001  |7 0  |8 A  |9 376676  |a BIBEDU  |b BIBEDU  |c ES_NOD  |d 2019-11-21  |h v.2  |i 434359K  |l 1  |o 372.4 DIE 2001  |p 434359K  |r 2023-08-09  |s 2022-10-26  |w 2019-11-21  |y BK  |k LIT